| 000 | nam a22 7a 4500 | ||
|---|---|---|---|
| 999 |
_c329326 _d329326 |
||
| 003 | ASAB | ||
| 005 | 20170503112525.0 | ||
| 008 | 170503b xxu||||| |||| 00| 0 eng d | ||
| 020 | _a81-8189-104-X | ||
| 040 | _cASAB | ||
| 082 | _a635 | ||
| 245 |
_aHybrid vegetable development. _cP.K. Singh. PhD, S.K. Dasgupta. PhD, S.K. Tripathi. PhD. |
||
| 260 |
_aIndia. _bInternational Book Distributing Co. _c2006. |
||
| 300 | _a441 P | ||
| 942 |
_2ddc _cBK |
||